Estadísticas para Mundial Catar 2022

Haz click aquí para intentar la prueba.

Estadísticas generales

  • Esta prueba ha sido intentada 91 veces
  • La puntuación promedio es 49 de 64

Estadísticas de respuestas

HintRespuesta% Correcto
Catar-Ecuador0-2
99%
Argentina-Arabia Saudita1-2
93%
España-Costa Rica7-0
90%
Alemania-Japón1-2
89%
Argentina-Francia3-3
89%
Estados Unidos-Gales1-1
88%
México-Polonia0-0
86%
Inglaterra-Irán6-2
86%
Marruecos-España0-0
84%
Bélgica-Canadá1-0
84%
Francia-Australia4-1
84%
Marruecos-Croacia0-0
82%
Senegal-Países Bajos0-2
82%
Marruecos-Portugal1-0
82%
Croacia-Brasil1-1
82%
Argentina-México2-0
82%
Países Bajos-Argentina2-2
82%
Argentina-Croacia3-0
82%
Dinamarca-Túnez0-0
79%
Brasil-Serbia2-0
79%
Francia-Marruecos2-0
79%
Japón-España2-1
79%
Argentina-Australia2-1
79%
Croacia-Marruecos2-1
79%
Polonia-Argentina0-2
78%
Inglaterra-Francia1-2
78%
Catar-Senegal1-3
78%
Portugal-Ghana3-2
78%
Uruguay-Corea del Sur0-0
77%
Inglaterra-Estados Unidos0-0
77%
Suiza-Camerún1-0
77%
España-Alemania1-1
77%
Países Bajos-Ecuador1-1
77%
Arabia Saudita-México1-2
77%
Japón-Costa Rica0-1
75%
Bélgica-Marruecos0-2
75%
Japón-Croacia1-1
75%
Países Bajos-Catar2-0
75%
Polonia-Arabia Saudita2-0
75%
Costa Rica-Alemania2-4
75%
Brasil-Corea del Sur4-1
75%
Canadá-Marruecos1-2
74%
Croacia-Bélgica0-0
73%
Gales-Irán0-2
73%
Túnez-Francia1-0
73%
Camerún-Brasil1-0
73%
Ecuador-Senegal1-2
73%
Portugal-Uruguay2-0
73%
Inglaterra-Senegal3-0
73%
Francia-Polonia3-1
73%
Túnez-Australia0-1
71%
Francia-Dinamarca2-1
71%
Corea del Sur-Portugal2-1
71%
Irán-Estados Unidos0-1
70%
Ghana-Uruguay0-2
70%
Australia-Dinamarca1-0
70%
Brasil-Suiza1-0
70%
Corea del Sur-Ghana2-3
70%
Países Bajos- Estados Unidos3-1
70%
Portugal-Suiza6-1
70%
Gales-Inglaterra0-3
67%
Serbia-Suiza2-3
66%
Croacia-Canadá4-1
66%
Camerún-Serbia3-3
64%

Distribución de puntuación

Porcentaje por número respondido

Porcentaje de gente con cada puntuación

Historial de tus puntuaciones

No has intentado esta prueba.